Top 10 Presenze Reggina All-Time - Statistics

Statistiche generali
  • Questo quiz è stato fatto 9 volte
  • Il punteggio medio è 3 su 10
Statistiche sulle risposte
Presenze Nazione Calciatore % Corretto
252 Italia Francesco Cozza
88%
214 Italia Antonino Barillà
63%
285 Italia Maurizio Poli
38%
182 Nigeria / Italia Daniel Adejo
25%
292 Italia Simone Giacchetta
25%
173 Italia Giacomo Tedesco
13%
176 Italia Giovanni Morabito
13%
173 Italia Ivan Franceschini
13%
190 Italia Bruno Jacoboni
0%
184 Italia Emiliano Bonazzoli
0%
Nessun quiz corrispondente trovato
Distribuzione punteggi
Percentuale di utenti per punteggio
Percentile per numero di risposta
I tuoi punteggi nel tempo
Non hai fatto questo quiz